000 00678nam a2200229 i 4500
001 C2-0005191
003 PPAK
005 20190630221831.0
008 970123s1983 my |||| ||||| | may d
040 _aPPAK
_beng
_cPPAK
_erda
082 0 4 _a297.124
_223
090 0 0 _a297.124
_bALU
_dG
100 1 _aAl-Usfuri, Muhammad bin Abu Bakar,
_eauthor
245 1 0 _aTerjemah mawaa'idul usfuriyah :
_bpetuah-petuah usfuriyah
264 1 _aKuala Lumpur :
_bAl-Haramain ,
_c1983
300 _a66 pages ;
_c21 cm
336 _2rdacontent
_atext
337 _2rdamedia
_aunmediated
338 _2rdacarrier
_avolume
650 1 0 _aIslam - Criticism, enterpretation, etc.
942 _ddc
_cB
999 _c1465
_d1465